Exportação concluída — 

Destination Vancouver

Bewaard in:
Bibliografische gegevens
Formaat: Boek
Taal:Undetermined
Gepubliceerd in: Canada Daval Productions Inc
Onderwerpen:
Tags: Voeg label toe
Geen labels, Wees de eerste die dit record labelt!
Thư viện lưu trữ: Trung tâm Học liệu Trường Đại học Cần Thơ
LEADER 00412nam a2200157Ia 4500
001 CTU_121413
008 210402s9999 xx 000 0 und d
082 |a 917.1 
082 |b D476 
245 0 |a Destination Vancouver 
260 |a Canada 
260 |b Daval Productions Inc 
650 |a Canada 
650 |x Description and travel 
904 |i M.Loan 
980 |a Trung tâm Học liệu Trường Đại học Cần Thơ